000 00566nam a2200169Ia 4500
008 260520s2025 xx 000 0 und d
020 _a9788196623166
041 _amar
082 _a794.159/KHA
100 _aखंदारे, उषा
245 _aबुद्धिबळातील भारतीय विश्वविजेता डी. मुकेश
250 _a1st ed
260 _aसांगली
_bशालिनी बुक्स
_c2025
300 _a72p.
500 _aCat No: 15238
650 _aRECREATIONAL AND PERFORMING ARTS
999 _c1222238
_d1222238